Monarchs of Aragon - Statistics

General Stats
  • This quiz has been taken 154 times
  • The average score is 13 of 20
Answer Stats
Reign House Monarch % Correct
1412-1416 Trastamara Ferdinand I
87%
1479-1516 Trastamara Ferdinand II
87%
1104-1134 Jimenez Alfonso I
80%
1164-1196 Barcelona Alfonso II
80%
1285-1291 Barcelona Alfonso III
80%
1327-1336 Barcelona Alfonso IV
80%
1416-1458 Trastamara Alfonso V
80%
1387-1396 Barcelona John I
79%
1458-1479 Trastamara John II
79%
1094-1104 Jimenez Peter I
71%
1196-1213 Barcelona Peter II
71%
1276-1285 Barcelona Peter III
71%
1336-1387 Barcelona Peter IV
71%
1213-1276 Barcelona James I
65%
1291-1327 Barcelona James II
65%
1396-1410 Barcelona Martin
49%
1035-1063 Jimenez Ramiro I
40%
1134-1137 Jimenez Ramiro II
40%
1137-1164 Jimenez Petronilla
35%
1063-1094 Jimenez Sancho Ramirez
25%
No matching quizzes found
Score Distribution
Percent of People with Each Score
Percentile by Number Answered
Your Score History
You have not taken this quiz